000 00651nam a2200205Ia 4500
003 IN-BaIIA
008 211028s9999 xx 000 0 eng d
020 _a0-471-97042-5
040 _cIIA Library
080 _a524.834
_bBER
100 _aBergstrom, L.
_923024
245 0 _aCosmology and particle astrophysics
_cL. Bergstrom and Goobar, A.
260 _aChichester
_bJohn Wiley & Sons
_c1999
300 _axii, 344p.
490 _aWiley-Praxis series in astronomy and astrophysics
650 _aCosmology
650 _aParticle astrophysics
_916537
700 _aGoobar, A.
_923025
942 _cBK
999 _c13075
_d13075